000 00771nam a2200289Ia 4500
005 20260324120247.0
008 008 260324s9999 xx 000 0 eng d
020 _a9780429256264
037 _aEBOOK
040 _aCRL
040 _beng
040 _cCRL
041 _2eng
041 _aeng
084 _qCRL
100 _aCharles Protzman; Joyce Kerpchar; George Mayzell
_91157862
245 0 _aLeveraging Lean in Outpatient Clinics
245 0 _bCreating a Cost Effective, Standardized, High Quality, Patient-Focused Operation
260 _bTaylor and Francis
260 _c2015
365 _a
365 _b280
856 _uhttp://www.taylorfrancis.com/books/9780429256264
942 _cEBOOK
999 _c1749309
_d1749309